Россия на пути в ВТО. Рынок финансовых услуг

التفاصيل البيبلوغرافية
المؤلف الرئيسي: Смирнов П. С. Павел Степанович
مؤلفون آخرون: Хребтов В. А. Владимир Анатольевич
اللغة:الروسية
منشور في: Москва, Консалтбанкир, 2000
الموضوعات:
التنسيق: كتاب
KOHA link:https://koha.lib.tpu.ru/cgi-bin/koha/opac-detail.pl?biblionumber=23666

MARC

LEADER 00000nam0a2200000 4500
001 23666
005 20231030195855.0
010 |a 5851870982 
035 |a (RuTPU)RU\TPU\book\23891 
035 |a BOOK00023964 
090 |a 23666 
100 |a 20011209d2000 m y0rusy50 ca 
101 0 |a rus 
102 |a RU 
105 |a y z 000zy 
200 1 |a Россия на пути в ВТО. Рынок финансовых услуг  |f П. С. Смирнов, В. А. Хребтов 
210 |a Москва  |c Консалтбанкир  |d 2000 
215 |a 111 с. 
610 1 |a экономика 
610 1 |a финансы 
610 1 |a Россия 
610 1 |a финансовые услуги 
610 1 |a рынок 
610 1 |a Всемирная торговая организация 
610 1 |a ВТО 
686 |a У9(2)826  |v LBC/SL-A  |2 rubbk 
700 1 |a Смирнов  |b П. С.  |g Павел Степанович 
701 1 |a Хребтов  |b В. А.  |g Владимир Анатольевич 
801 0 |a RU  |b 63413507  |c 20011209  |g PSBO 
801 2 |a RU  |b 63413507  |c 20220425  |g PSBO 
942 |c BK